000 00755nam a2200253 a 4500
001 000031299
005 20250909115816.0
008 110317s2009 dr 000 0 spa d
020 _z1574680463
040 _aDO-SdBNP
_bspa
_cBNPHU
082 _a320.51
_bM519L, 2009
100 1 _aMeléndez, Darío
_953469
245 1 0 _aLiberalismo /
_cDarío Meléndez.
250 _a4a. ed.
260 _aSanto Domingo :
_bCentenario,
_c2009.
300 _axiv, 654 p. :
_bil. ;
_c21 cm.
504 _aBibliografía : p. 625-628
590 _aInventariado,2018/DG
650 0 _aLiberalismo
_95271
650 0 _aEconomía política
_95976
650 0 _aCambio social
_91661
650 4 _aCambio político
_953470
910 _aValidado. Control de calidad MMOLINA
999 _c30791
_d30791